Periodica Academica

Saved in:
Bibliographic Details
Format: Serial
Language:Czech
Published: Brno Vysoká škola Karla Engliše 2010
Tags: Add Tag
No Tags, Be the first to tag this record!

MARC

LEADER 00000nas2a2200000 4500
001 0168005
005 20190410081035.2
022 |a 1802-2626 
041 0 |a cze 
044 |a CZ 
245 1 0 |a Periodica Academica 
264 1 |a Brno  |b Vysoká škola Karla Engliše  |c 2010 
773 0 |w eu_un_cat*0167733 
774 0 |w eu_un_cat*0182019